| 000 | 01558nam a22003377a 4500 | ||
|---|---|---|---|
| 005 | 20100401123056.0 | ||
| 008 | 100401t xxu||||| |||| 00| 0 eng d | ||
| 010 | _aENG-95950 | ||
| 020 |
_a9788131724064 (pbk. : alk. paper) _c250.00 |
||
| 035 | _aEN-79483 | ||
| 040 | _aDLC | ||
| 050 | _aHF5549.12 | ||
| 082 |
_a658.3/02 _222 |
||
| 100 |
_aRobbins, Stephen P., _d1943- |
||
| 245 |
_aThe truth about managing people / _cStephen P. Robbins. |
||
| 246 | _aManaging people | ||
| 250 | _a2nd ed., New ed. | ||
| 260 |
_aNew Delhi _bDorling Kindersley (India) Pvt. Ltd. licensees of Pearson Education _cc2008. |
||
| 270 |
_a14 local shopping centre panchsheel park _bNew Delhi _e110017 |
||
| 300 |
_aviii, 231 p. ; _c22 cm.(Pbk) |
||
| 490 | _aThe truth about | ||
| 500 | _aOriginally published under the title: The truth about managing people-- and nothing but the truth. London ; Upper Saddle River, NJ : Prentice Hall, c2002. Financial Times Prentice Hall books. | ||
| 504 | _aIncludes bibliographical references (p. 213-230). | ||
| 650 | _aSupervision of employees. | ||
| 830 | _aPrentice Hall truth about series. | ||
| 856 |
_3Table of contents only _uhttp://www.loc.gov/catdir/toc/ecip0721/2007025694.html |
||
| 942 |
_2ddc _cEN _mROB |
||
| 999 |
_c35003 _d35003 |
||